000 00363nam a2200145Ia 4500
003 OSt
005 20240110165315.0
008 170524s9999 xx 000 0 und d
020 _a8177587803
040 _ciimt university meerut
100 _aDESSELER- G
245 2 _aA FRAMEWORK FOR HUMAN RESOURCE MANAGEMENT
260 _bNEW DELHI : PEARSON
942 _2ddc
_c02
999 _c8463
_d8463